Business ethics : (Record no. 4971)

MARC details
000 -LEADER
fixed length control field 01258cam a22003135a 4500
008 - FIXED-LENGTH DATA ELEMENTS--GENERAL INFORMATION
fixed length control field 081116s2008 maua|||fr|||| 001 0 eng d
010 ## - LIBRARY OF CONGRESS CONTROL NUMBER
LC control number 2007000780
020 ## - INTERNATIONAL STANDARD BOOK NUMBER
International Standard Book Number 9780073136868 (alk. paper)
020 ## - INTERNATIONAL STANDARD BOOK NUMBER
International Standard Book Number 0073136867 (alk. paper)
020 ## - INTERNATIONAL STANDARD BOOK NUMBER
International Standard Book Number 9780071264600
082 00 - DEWEY DECIMAL CLASSIFICATION NUMBER
Classification number 174.4
Item number HAR
Edition number 22
100 1# - MAIN ENTRY--PERSONAL NAME
Personal name Hartman, Laura Pincus.
245 10 - TITLE STATEMENT
Title Business ethics :
Remainder of title decision-making for personal integrity and social responsibility /
Statement of responsibility, etc Laura P. Hartman, Joe DesJardins.
260 ## - PUBLICATION, DISTRIBUTION, ETC. (IMPRINT)
Place of publication, distribution, etc Boston :
Name of publisher, distributor, etc McGraw-Hill/Irwin,
Date of publication, distribution, etc c.2008.
300 ## - PHYSICAL DESCRIPTION
Extent xv, 492 p. :
Other physical details ill. ;
Dimensions 23 cm.
500 ## - GENERAL NOTE
General note Glossary : p. 471-478.
500 ## - GENERAL NOTE
General note Index : p. 479-492.
504 ## - BIBLIOGRAPHY, ETC. NOTE
Bibliography, etc Includes bibliographical references.
590 ## - LOCAL NOTE (RLIN)
Local note doaa mohamed
650 #0 - SUBJECT ADDED ENTRY--TOPICAL TERM
Topical term or geographic name as entry element Business ethics.
Source of heading or term BUEsh
650 #0 - SUBJECT ADDED ENTRY--TOPICAL TERM
Topical term or geographic name as entry element Social responsibility of business.
Source of heading or term BUEsh
651 ## - SUBJECT ADDED ENTRY--GEOGRAPHIC NAME
Source of heading or term BUEsh
653 ## - INDEX TERM--UNCONTROLLED
Resource For college BAEPS, Business Administration
700 1# - ADDED ENTRY--PERSONAL NAME
Personal name DesJardins, Joseph R..
856 42 - ELECTRONIC LOCATION AND ACCESS
Materials specified Publisher description
Uniform Resource Identifier <a href="http://www.loc.gov/catdir/enhancements/fy0708/2007000780-d.html">http://www.loc.gov/catdir/enhancements/fy0708/2007000780-d.html</a>
856 42 - ELECTRONIC LOCATION AND ACCESS
Materials specified Table of contents only
Uniform Resource Identifier <a href="http://www.loc.gov/catdir/enhancements/fy0708/2007000780-t.html">http://www.loc.gov/catdir/enhancements/fy0708/2007000780-t.html</a>
856 42 - ELECTRONIC LOCATION AND ACCESS
Materials specified Contributor biographical information
Uniform Resource Identifier <a href="http://www.loc.gov/catdir/enhancements/fy0737/2007000780-b.html">http://www.loc.gov/catdir/enhancements/fy0737/2007000780-b.html</a>
942 ## - ADDED ENTRY ELEMENTS (KOHA)
Item type Book - Borrowing
Call number prefix 174.4HAR.
Source of classification or shelving scheme Dewey Decimal Classification
Holdings
Withdrawn status Item status Source of classification or shelving scheme Damaged status Not for loan Home library Current library Shelving location Date acquired Source of acquisition Total Checkouts Total Renewals Full call number Barcode Date last seen Date last borrowed Koha item type Materials specified (bound volume or other part) Vendor
    Dewey Decimal Classification     Central Library Central Library Lower Floor 04/10/2007 Purchase 14 33 174.4 HAR 000006029 15/07/2025 22/05/2016 Book - Borrowing    
    Dewey Decimal Classification     Central Library Central Library Lower Floor 04/10/2007 Purchase 19 92 174.4 HAR 000006030 15/07/2025 06/02/2018 Book - Borrowing    
  Lost Dewey Decimal Classification     Central Library Central Library Lower Floor 04/10/2007 Purchase 8 5 174.4 HAR 000006031 02/09/2010 18/07/2010 Book - Borrowing Lost In Inventory_2015-8-23  
    Dewey Decimal Classification     Central Library Central Library Lower Floor 04/10/2007 Purchase 18 36 174.4 HAR 000006032 15/07/2025 31/03/2016 Book - Borrowing    
    Dewey Decimal Classification     Central Library Central Library Lower Floor 04/10/2007 Purchase 14 29 174.4 HAR 000006033 15/07/2025 20/03/2019 Book - Borrowing    
    Dewey Decimal Classification     Central Library Central Library Lower Floor 04/10/2007 Purchase 25 42 174.4 HAR 000006034 15/07/2025 12/02/2017 Book - Borrowing    
    Dewey Decimal Classification     Central Library Central Library Lower Floor 04/10/2007 Purchase 15 33 174.4 HAR 000006035 15/07/2025 08/05/2017 Book - Borrowing    
    Dewey Decimal Classification     Central Library Central Library Lower Floor 04/10/2007 Purchase 21 33 174.4 HAR 000006036 15/07/2025 15/03/2016 Book - Borrowing    
          Central Library Central Library Lower Floor 04/10/2007 Purchase 6   174.4 HAR 000006037 15/07/2025 10/03/2014 NB - Book (Non borrowing)    
  Lost Dewey Decimal Classification     Central Library Central Library Lower Floor 19/10/2008 Purchase 7   174.4 HAR 000014105 18/10/2009 11/10/2009 Book - Borrowing Lost In Inventory_2015-8-23  
  Lost Dewey Decimal Classification     Central Library Central Library Lower Floor 19/10/2008 Purchase 9 6 174.4 HAR 000014104 22/08/2010 19/07/2010 Book - Borrowing Lost In Inventory_2015-8-23  
    Dewey Decimal Classification     Central Library Central Library Lower Floor 22/10/2009   16 31 174.4 HAR 000018438 15/07/2025 14/02/2019 Book - Borrowing   Baccah
    Dewey Decimal Classification     Central Library Central Library Lower Floor 22/10/2009   11 34 174.4 HAR 000018439 15/07/2025 04/05/2016 Book - Borrowing   Baccah
    Dewey Decimal Classification     Central Library Central Library Lower Floor 05/11/2009   16 69 174.4 HAR 000018440 15/07/2025 19/02/2019 Book - Borrowing   Baccah